000 00620nam a2200181Ia 4500
008 151202s9999||||xx |||||||||||||| ||und||
082 _bPNVM-58369
100 _aचेस जेम्स हॅडले.
245 _aविस्तवाशी खेळ.
260 _bनिशिगंाा प्रकाशन पुणे.
260 _c1995
300 _a164
600 _aचेस जेम्स हॅडले.
630 _aविस्तवाशी खेळ.
700 _aचेस जेम्स हॅडले.
730 _aविस्तवाशी खेळ.
942 _cBOOK
999 _c1324904
_d1324901